| 000 | 00415cam a2200157 4500 | ||
|---|---|---|---|
| 001 | BUCI014798 | ||
| 008 | spa | ||
| 035 | _aBUCI014798 | ||
| 050 | 4 |
_aTK7874 _bN58 |
|
| 245 | 0 |
_aNotas sobre circuitos / _cComisión Federal de Electricidad. |
|
| 260 |
_aMéxico : _bs/e |
||
| 300 |
_a274 p. ; _c28 cm. |
||
| 500 | _a1 ejemplar | ||
| 650 | 4 |
_aCircuitos _xEnergia |
|
| 942 |
_2lcc _cLIB |
||
| 999 |
_c102546 _d102546 |
||